| 000 | 00504nam a2200193 a 4500 | ||
|---|---|---|---|
| 005 | 20210223125823.0 | ||
| 008 | 051003s2001 000 eng d | ||
| 020 | _a8434421801 | ||
| 035 | _aUPN01000142767 | ||
| 049 | _aCG | ||
| 050 | 4 |
_aHD47.4 _bR8.2 |
|
| 100 | 1 | _aRus, Ginés de | |
| 245 | 1 | 0 |
_aAnálisis : _bcoste-beneficio / _cGines de Rus. |
| 260 |
_aBarcelona, Esp. : _bAriel, _c2001. |
||
| 300 | _a220 p. | ||
| 440 | 0 | _aAriel economía | |
| 650 | 4 |
_aANALISIS DE COSTOS _9268 |
|
| 905 | _aLibro | ||
| 999 |
_c114914 _d114914 |
||